00447nam a2200157Ia 4500001000500000005001700005008004100022041000800063082001700071100003600088245011200124260000900236300002800245650000800273654000800281494120260306145831.0260306t2010||||xx |||||||||||||| ||spa|| aESP a332.024bH43 aHernández Reche, VicenteeAUT 0aLa gallina de los huevos de oro...puedes ser tú:baprende a ahorrar, a invertir y a multiplicar tu dinero c2010 a262 páginas :c23 cm. aGEN aCAN